FIFA FIFPro World XI 2010 - Statistics

Statistiche generali
  • Questo quiz è stato fatto 25 volte
  • Il punteggio medio è 10 su 11
Statistiche sulle risposte
Ruolo Nazione Squadra Calciatore % Corretto
Attaccante Portogallo Real Madrid Cristiano Ronaldo
100%
Portiere Spagna Real Madrid Iker Casillas
100%
Attaccante Argentina BBarcellona Lionel Messi
100%
Centrocampista Spagna Barcellona Andrés Iniesta
95%
Difensore Spagna Barcellona Carles Puyol
95%
Centrocampista Spagna Barcellona Xavi
95%
Attaccante Spagna Valencia / Barcellona David Villa
90%
Difensore Spagna Barcellona Gerard Piqué
90%
Difensore Brasile Inter Maicon
81%
Centrocampista Bassi Inter Wesley Sneijder
81%
Difensore Brasile Inter Lúcio
67%
Nessun quiz corrispondente trovato
Distribuzione punteggi
Percentuale di utenti per punteggio
Percentile per numero di risposta
I tuoi punteggi nel tempo
Non hai fatto questo quiz